000 00527nam a2200169 4500
001 111789
003 ES-MaACL
005 20230906185348.0
007 t|
008 061121s1971 sp r ||||1| spa d
245 0 0 _aDel origen de las especies /
_cHans Querner [et. al.] ; traducción de Mercedes Paredes Larrucea.
260 _aMadrid :
_bAlianza,
_c1971.
300 _a195 p. :
_bil. ;
_c18 cm.
700 1 _aQuerner, Hans.
_994537
700 1 _aParedes Larrucea, Mercedes.
_989049
852 _aES-MaACL
_jC-47587
_bR.80661
999 _c111789
_d111789